000 00430pam a2200145 a 4500
020 _c
041 _aeng
082 _a050
_bZUA
100 _aZurawski R ED ,
_eAuthor .
245 _aIEEE Transaction on Industrial information Vol - 3 , 2007
_hBound Volumes
260 _a[s.l]:
_bThe Institute of Electricals Electronics Engineering ,
_c2007.
300 _a28*20:
_bHB.
653 _aGeneral serial publications
930 _a16643
999 _c59864
_d59864